Posgrado y desarrollo en América Latina
Saved in:
| 主要作者: | |
|---|---|
| 格式: | 图书 |
| 语言: | 西班牙语 |
| 出版: |
Ciudad de México
Unión de Universidades de América Latina
1992
|
| 主题: | |
| 标签: |
添加标签
没有标签, 成为第一个标记此记录!
|
MARC
| LEADER | 00000nam a2200000 a 4500 | ||
|---|---|---|---|
| 001 | UCG6772 | ||
| 003 | CL-VaPUC | ||
| 008 | 110520e19920000mx |||||||||||||||||spa|d | ||
| 082 | 0 | 4 | |a 378.155 |b VIL |2 21 |
| 100 | 0 | |a Villegas, Abelardo |e author |9 557145 | |
| 245 | 1 | 0 | |a Posgrado y desarrollo en América Latina |
| 300 | |a 103 p | ||
| 942 | |c BK | ||
| 945 | |d 20110520 00:00:00 |a jcampos | ||
| 260 | |a Ciudad de México |b Unión de Universidades de América Latina |c 1992 | ||
| 650 | 0 | |a Educación superior |9 223851 | |
| 650 | 7 | |a EDUCACION DE POSTGRADO |2 CL-VaPUC |9 310729 | |
| 650 | 7 | |a DESARROLLO EDUCACIONAL |2 CL-VaPUC |9 338398 | |
| 650 | 7 | |a AVANCE EDUCACIONAL |2 CL-VaPUC |9 557146 | |
| 651 | 0 | |a América Latina |9 255027 | |
| 583 | |a last modification |c 20171220 12:21:50 |k Rodrigo Vera | ||
| 999 | |c 344912 |d 344910 | ||
| 952 | |0 0 |1 0 |4 0 |6 378_155000000000000_VIL_1992 |7 0 |8 ED_SUP |9 443268 |a BIBGIM |b BIBGIM |c S_PSTGRDO |d 2019-11-22 |i 4776852 |o 378.155 VIL 1992 |p 4776852 |r 2025-01-15 |w 2019-11-22 |y BK_X |k ESU | ||